000 01211nam a2200193Ia 4500
008 220216s9999 xx 000 0 und d
100 _aOkieimen F E
245 0 _aCharacterisation of latex of NIG 800 clonal series
260 _bNigerian Journal of Applied Sciences
_c2001
300 _a65-68
520 _aNatural rubber latices (NRL) from the fourteen Hevea clones (NIG 800 series) developed by the Rubber Research Institute of Nigeria (RRIN) were characterised. The latex from each of the clones was collected over a period of eight months using 1/2 Spiral day 2 (1/2 S d/2) tapping method without stimulation and preserved with 0.4;ammonia solution (5;v/v). Prpperties investigated were total solid content, dry rubber content, mechanical stability time, nitrogen content, and volatile fatty acid. There is a clonal variation in some properties of the latices and are compared with some well-established commercial clones. The results obtained are discussed in relationship to practical application of the lattices.
650 _aHevea clones
650 _aNatural rubber latices
650 _aNIG 800
700 _aAigbodion A I
700 _aAkinlabi A K
700 _aBakare I O
942 _cJS
999 _c55364
_d55364